000 00408nam a2200157Ia 4500
008 230524s9999 xx 000 0 und d
082 _a612
_bMOR
100 _aClifford T.Morgan
_924014
245 2 _aA Brief Introduction To Psychology (2nd edn.)
250 _a2ND
260 _aNEW DELHI
_bTMH
_c2003
300 _aXII;452
500 _aQuantity Number: 1
650 _aMiscellaneous
_91877
942 _cBK
999 _c35562
_d35562